[Event "Copenhagen Ch"]
[Site "Copenhagen"]
[Date "1998.??.??"]
[Round "8"]
[White "Jakobsen, Ole"]
[Black "Brinck Claussen, Bjorn"]
[Result "1/2-1/2"]
[WhiteElo "2350"]
[BlackElo "2320"]
[PlyCount "69"]
[EventDate "1998.??.??"]
[EventType "tourn"]
[EventRounds "9"]
[EventCountry "DEN"]

1. c4 Nf6 2. Nc3 e5 3. g3 d5 4. cxd5 Nxd5 5. Bg2 Nb6 6. Nf3 Nc6 7. a3 Be6 8. b4
Be7 9. d3 a5 10. b5 Nd4 11. Rb1 Nd5 12. Na4 Nxf3+ 13. Bxf3 O-O 14. O-O Qd6 15.
d4 exd4 16. Qxd4 Rad8 17. Bb2 Bf6 18. Qc5 Bxb2 19. Rxb2 Qe5 20. Rd2 b6 21. Qd4
Qxd4 22. Rxd4 Ne7 23. Rxd8 Rxd8 24. Rc1 Rd7 25. h4 Kf8 26. Nb2 Nf5 27. e3 Ke7
28. Rc2 Kd8 29. Kf1 Nd6 30. Bc6 Re7 31. a4 Bf5 32. Rd2 Be4 33. Bxe4 Rxe4 34.
Ke2 Rb4 35. Kd1 1/2-1/2

[Event "Copenhagen Ch"]
[Site "Copenhagen"]
[Date "1998.??.??"]
[Round "8"]
[White "El Kher, Henrik"]
[Black "Holm, Sejer"]
[Result "1-0"]
[WhiteElo "2290"]
[BlackElo "2360"]
[PlyCount "149"]
[EventDate "1998.??.??"]
[EventType "tourn"]
[EventRounds "9"]
[EventCountry "DEN"]

1. d4 Nf6 2. Nf3 e6 3. c4 c5 4. e3 a6 5. Nc3 d5 6. cxd5 exd5 7. Be2 b5 8. dxc5
Bxc5 9. O-O Bb7 10. a3 O-O 11. b4 Bd6 12. Qb3 Nbd7 13. Bb2 Qe7 14. Rfd1 Rfb8
15. Rac1 Nb6 16. Nd4 Qe5 17. g3 Nc4 18. Ba1 Qe8 19. Bf3 Rd8 20. a4 bxa4 21.
Qxa4 Qxa4 22. Nxa4 Rac8 23. Rb1 Ba8 24. Nf5 Bc6 25. Nxd6 Rxd6 26. Nc5 Kf8 27.
Bd4 Nd7 28. Nxd7+ Rxd7 29. Bg4 Rcd8 30. Bxd7 Rxd7 31. Ra1 Bb5 32. f3 f5 33. Kf2
Kf7 34. h3 h5 35. g4 hxg4 36. hxg4 fxg4 37. Rg1 gxf3 38. Rxg7+ Ke6 39. Rg6+ Ke7
40. Kxf3 Kd8 41. Rag1 Rf7+ 42. Rf6 Rxf6+ 43. Bxf6+ Kd7 44. Bc3 Nd6 45. Kf4 Bc4
46. Rg7+ Kc6 47. Rg6 Kd7 48. Rg7+ Kc6 49. Rg6 Kd7 50. Ke5 Nf7+ 51. Kf4 Nd6 52.
Be5 Nf7 53. Rf6 Ke7 54. Rc6 Bb5 55. Rb6 Bd3 56. Rc6 Bb5 57. Rb6 Bd3 58. Bg7 Kd7
59. Rb7+ Ke6 60. Bf8 Bb5 61. Rb6+ Kd7 62. Rb7+ Ke6 63. Rb6+ Kd7 64. Kf5 Kc7 65.
Rxb5 axb5 66. Ke6 d4 67. exd4 Ng5+ 68. Kd5 Kb6 69. Bc5+ Kc7 70. Be7 Nf3 71. Kc5
Kd7 72. Bf6 Nd2 73. Be5 Ke6 74. Kxb5 Kd5 75. Ka6 1-0

[Event "Copenhagen Ch"]
[Site "Copenhagen"]
[Date "1998.??.??"]
[Round "9"]
[White "Greger, Roland Reinhard"]
[Black "Hvenekilde, Jorgen"]
[Result "1/2-1/2"]
[WhiteElo "2290"]
[BlackElo "2225"]
[PlyCount "65"]
[EventDate "1998.??.??"]
[EventType "tourn"]
[EventRounds "9"]
[EventCountry "DEN"]

1. e4 e5 2. Nf3 d6 3. Bc4 Be7 4. d4 exd4 5. Nxd4 Nf6 6. Nc3 c6 7. O-O O-O 8. a4
a5 9. f3 Na6 10. Be3 Re8 11. Qd2 Nb4 12. Nb3 Bf8 13. Rad1 Nd7 14. Bg5 Qc7 15.
f4 Nb6 16. Bd3 f6 17. Bh4 Be6 18. Nd4 Bf7 19. Qf2 Nxd3 20. cxd3 Nd7 21. Nf5 Bb3
22. Rd2 Nc5 23. Qg3 Kh8 24. d4 Nxa4 25. Nxa4 Bxa4 26. e5 dxe5 27. fxe5 fxe5 28.
Rdf2 Bb5 29. Nh6 Bc4 30. Nf7+ Kg8 31. Nh6+ Kh8 32. Nf7+ Kg8 33. Nh6+ 1/2-1/2

[Event "Copenhagen Ch"]
[Site "Copenhagen"]
[Date "1998.??.??"]
[Round "9"]
[White "Brinck Claussen, Bjorn"]
[Black "El Kher, Henrik"]
[Result "1/2-1/2"]
[WhiteElo "2320"]
[BlackElo "2290"]
[PlyCount "81"]
[EventDate "1998.??.??"]
[EventType "tourn"]
[EventRounds "9"]
[EventCountry "DEN"]

1. e4 c5 2. Nf3 Nc6 3. d4 cxd4 4. Nxd4 Nf6 5. Nc3 e5 6. Ndb5 d6 7. Bg5 a6 8.
Na3 b5 9. Nd5 Be7 10. Bxf6 Bxf6 11. c3 O-O 12. Nc2 Bg5 13. a4 bxa4 14. Rxa4 a5
15. Nce3 Rb8 16. Qa1 g6 17. Bd3 Be6 18. Nc4 f5 19. O-O fxe4 20. Bxe4 Rb5 21.
Rd1 Ne7 22. Rxa5 Rxa5 23. Qxa5 Qxa5 24. Nxe7+ Bxe7 25. Nxa5 Kf7 26. Nc6 Bb3 27.
Bd5+ Bxd5 28. Rxd5 Ra8 29. g3 Ra2 30. Rb5 Bg5 31. f4 Bf6 32. fxe5 dxe5 33. Kf2
Ke6 34. Kf3 Ra1 35. Rb6 Rf1+ 36. Ke2 Rh1 37. Nd4+ Ke7 38. Rb7+ Kd6 39. Rb6+ Ke7
40. Rb7+ Kd6 41. Rb6+ 1/2-1/2

[Event "Copenhagen Ch"]
[Site "Copenhagen"]
[Date "1998.??.??"]
[Round "9"]
[White "Hove, Esben Kjems"]
[Black "Jakobsen, Ole"]
[Result "0-1"]
[WhiteElo "2300"]
[BlackElo "2350"]
[PlyCount "60"]
[EventDate "1998.??.??"]
[EventType "tourn"]
[EventRounds "9"]
[EventCountry "DEN"]

1. c4 e5 2. Nc3 d6 3. g3 g6 4. d4 Nd7 5. Bg2 Bg7 6. Nf3 Ngf6 7. O-O O-O 8. b3
Re8 9. Bb2 c6 10. e4 exd4 11. Nxd4 Nc5 12. Re1 a5 13. Qd2 Qb6 14. Rab1 Ng4 15.
Nd1 Ne5 16. Re3 a4 17. h3 a3 18. f4 axb2 19. fxe5 dxe5 20. Nc2 Bh6 21. Kh2 Rxa2
22. b4 Ne6 23. c5 Bxe3 24. Ncxe3 Qd8 25. Qc3 Nd4 26. Rxb2 Nb5 27. Qc2 Rxb2 28.
Nxb2 Qd4 29. Nbc4 Be6 30. Bf1 Ra8 0-1

[Event "Copenhagen Ch"]
[Site "Copenhagen"]
[Date "1998.??.??"]
[Round "9"]
[White "Sorensen, Torben N"]
[Black "Hartvig, Ove Weiss"]
[Result "1-0"]
[WhiteElo "2295"]
[BlackElo "2255"]
[PlyCount "121"]
[EventDate "1998.??.??"]
[EventType "tourn"]
[EventRounds "9"]
[EventCountry "DEN"]

1. Nf3 g6 2. e4 Bg7 3. d4 c6 4. Nc3 d5 5. h3 Nf6 6. Bd3 dxe4 7. Nxe4 Nxe4 8.
Bxe4 Bf5 9. Qd3 Bxe4 10. Qxe4 Qd5 11. Qe2 Nd7 12. O-O e6 13. c4 Qd6 14. d5 cxd5
15. cxd5 e5 16. Rd1 O-O 17. Qb5 Nb6 18. Be3 Rfd8 19. a4 e4 20. Ng5 Qe5 21. a5
Nxd5 22. Qxb7 Nxe3 23. Nxf7 Rxd1+ 24. Rxd1 Rb8 25. Nxe5 Rxb7 26. Rd8+ Bf8 27.
fxe3 Kg7 28. Rd7+ Rxd7 29. Nxd7 Bd6 30. a6 Kf7 31. Kf2 Ke6 32. Nb6 Bc7 33. Nc4
Kd5 34. Nd2 Be5 35. b3 Bc3 36. Ke2 Bb4 37. Kd1 Ba5 38. Kc2 Bc7 39. Nc4 Kc5 40.
Kc3 Bg3 41. b4+ Kb5 42. Na3+ Kxa6 43. Kd4 Be1 44. Kc5 Bh4 45. b5+ Ka5 46. Nc4+
Ka4 47. b6 Be7+ 48. Kc6 axb6 49. Nxb6+ Kb3 50. Kd5 Kc2 51. Kxe4 Kd2 52. Nd5 Bd8
53. g4 Ke2 54. Kf4 Kf2 55. e4 Kg2 56. e5 Kxh3 57. e6 h5 58. g5 h4 59. e7 Bxe7
60. Nxe7 Kg2 61. Nxg6 1-0